000 00711nam a2200217Ii 4500
003 JO-AjNU
008 230605s9999||||xx |||||||||||||| ||und||
017 _a2013/6/2183
020 _a978-9957-33-353-9
040 _aJO-AjNU
_bara
_erda
_cJO-AjNU
041 _aara
050 1 4 _aTD170.A235 2014
100 3 _aعبدالحي، رمزي احمد,
_eauthor
_945668
245 0 0 _aالتربية البيئة في ظل الالفية الثالثة
264 3 1 _aعمان:دار الوراق للنشر، 2014
300 _a304ص
336 _atext
_btxt
_2rdacontent
337 _aunmediated
_bn
_2rdamedia
338 _avolume
_bnc
_2rdacarrier
650 4 _aالتربية البيئة-البيئة
_945669
999 _aA19813
_c23381
_d23381